Subharmonic functions

Αποθηκεύτηκε σε:
Λεπτομέρειες βιβλιογραφικής εγγραφής
Κύριος συγγραφέας: Hayman, W. K. (Walter Kurt) 1926-
Άλλοι συγγραφείς: Kennedy, Patrick Brendan
Μορφή: Βιβλίο
Γλώσσα:English
Δημοσίευση: London ; New York : Academic Press, 1976-1989
Σειρά:L.M.S. monographs ; ; 9-20
Θέματα:
Ετικέτες: Προσθήκη ετικέτας
Δεν υπάρχουν, Καταχωρήστε ετικέτα πρώτοι!

MARC

LEADER 00000cam a2200000 i 4500
001 1/57744
008 951130m19761989 eng d
020 |a 0123348013 
020 |a 0123348021 
035 |l 10045789 
040 |a GR-MY-UA  |b gre  |e aacr 
041 0 |a eng 
082 0 |a 515.53 
100 1 |a Hayman, W. K. (Walter Kurt)  |d 1926- 
245 1 0 |a Subharmonic functions /  |c W. K. Hayman and P. B. Kennedy 
260 |a London ; New York :   |b Academic Press,   |c 1976-1989 
300 |a 2 v.;  |c 24 cm 
490 1 |a L.M.S. monographs  |v ; 9-20 
500 |a Includes index 
504 |a Bibliography: v. 1, p. 277-281 
650 0 0 |a Harmonic functions. 
700 1 |a Kennedy, Patrick Brendan. 
830 0 |a L.M.S. monographs ;  |v ; 9-20 
852 |a INST  |b SAMOS  |e 19951130  |h 515.53 HAY  |p 005300004568  |q 005300004568  |t BK  |y 0  |z v.1 
852 |a INST  |b SAMOS  |e 19951130  |h 515.53 HAY  |p 005300004569  |q 005300004569  |t BK  |y 0  |z v.2 
852 |a INST  |b SAMOS  |e 19951130  |h 515.53 HAY  |p 005300004568  |q 005300004568  |t BK  |v v.1:  |y 0  |z v.1 
852 |a INST  |b SAMOS  |e 19951130  |h 515.53 HAY  |p 005300004569  |q 005300004569  |t BK  |v v.2:  |y 0  |z v.2 
853 |a INST  |b SAMOS  |h 515.53 HAY 
909 |a Σ  |b 041447 
909 |a Σ  |b 041448